A HANDBOOK OF EMERGENCIES (Record no. 216900)

MARC details
000 -LEADER
fixed length control field 00491nam a22001817a 4500
008 - FIXED-LENGTH DATA ELEMENTS--GENERAL INFORMATION
fixed length control field 260330b |||||||| |||| 00| 0 eng d
020 ## - INTERNATIONAL STANDARD BOOK NUMBER
International Standard Book Number 978-93-5270-591-7
100 ## - MAIN ENTRY--PERSONAL NAME
Personal name GOLWALLA, ASPI F.
245 ## - TITLE STATEMENT
Title A HANDBOOK OF EMERGENCIES
250 ## - EDITION STATEMENT
Edition statement 9TH ED
260 ## - PUBLICATION, DISTRIBUTION, ETC.
Place of publication, distribution, etc. NEW DELHI
Name of publisher, distributor, etc. JAYPEE BROTHERS MEDICAL PUBLISHERS
Date of publication, distribution, etc. 2019
300 ## - PHYSICAL DESCRIPTION
Extent XVI, 566P.
500 ## - GENERAL NOTE
General note INCLUDES INDEX
650 ## - SUBJECT ADDED ENTRY
Topical term or geographic name entry element EMERGENCY MEDICINE
700 ## - ADDED ENTRY--PERSONAL NAME
Personal name GOLWALLA, SHARUKH
942 ## - ADDED ENTRY ELEMENTS (KOHA)
Source of classification or shelving scheme Library of Congress Classification
Koha item type Long Loan Book
Holdings
Withdrawn status Lost status Source of classification or shelving scheme Damaged status Not for loan Collection Home library Current library Shelving location Date acquired Inventory number Total checkouts Full call number Barcode Date last seen Copy number Price effective from Koha item type
    Library of Congress Classification     Medicine Kisii University Library Kisii University Library On Display 03/30/2026 112684   RC 952.5 .G65 2019 A000007 03/30/2026 1 03/30/2026 Long Loan Book
    Library of Congress Classification     Medicine Kisii University Library Kisii University Library On Display 03/30/2026 112685   RC 952.5 .G65 2019 A000009 03/30/2026 2 03/30/2026 Long Loan Book
    Library of Congress Classification     Medicine Kisii University Library Kisii University Library On Display 03/30/2026 112686   RC 952.5 .G65 2019 A000010 03/30/2026 3 03/30/2026 Long Loan Book
    Library of Congress Classification     Medicine Kisii University Library Kisii University Library On Display 03/30/2026 112687   RC 952.5 .G65 2019 A000008 03/30/2026 4 03/30/2026 Long Loan Book